000 00295nam a22001337a 4500
008 171009b xxu||||| |||| 00| 0 eng d
020 _a0300040377
041 _aeng
080 _a159.9
100 _a49
101 _aPSI
245 _aTHE PSYCHOANALYTIC DIALOGUE
_cLEAVY,S.A
942 _2udc
_cBK
999 _c32493
_d32493